000 00304pab a2200121 454500
008 180718b xxu||||| |||| 00| 0 eng d
100 _aFaber, Mike
245 _aGovernance and the foreign direct investor
650 _a Investment
650 _aForeign Investment
773 _aIDS Bulletin
909 _a24342
999 _c24342
_d24342